| 000 | 00891nam a2200277 i 4500 | ||
|---|---|---|---|
| 005 | 20220316235633.0 | ||
| 008 | 121119s2003 ck a gs 000 j spa d | ||
| 020 | _a9583008923 | ||
| 040 |
_aCO-BoRNBP _bspa _cCO-BoRNBP _erda |
||
| 041 | _aspa | ||
| 245 | 0 | 3 |
_aLa grulla agradecida _cilustraciones, Jairo Linares Landinez |
| 250 | _aPrimera edición | ||
| 264 | 1 |
_aBogotá _bPanamericana _c2003 |
|
| 300 |
_a8 páginas _bilustraciones a color _c27 cm |
||
| 336 |
_atexto _btxt _2rdacontent |
||
| 337 |
_asin mediación _bn _2rdamedia |
||
| 338 |
_avolumen _bnc _2rdacarrier |
||
| 490 | 0 | _aBiblioteca del cuento | |
| 650 | 1 | 4 |
_aCuento infantiles _2LEMB |
| 650 | 1 | 4 |
_aLiteratura infantil _2LEMB |
| 650 | 1 | 4 |
_aAves _vCuentos infantiles _2LEMB |
| 650 | 1 | 4 |
_aAnimales _vCuentos infantiles _2LEMB |
| 700 | 1 |
_aLinares Landínez, Jairo, _eilustrador _916395 |
|
| 942 |
_2loc _cBKLIT |
||
| 084 | _aC GRU1 | ||
| 999 |
_c1633 _d1633 |
||